The outsider
Shranjeno v:
| Glavni avtor: | |
|---|---|
| Format: | Knjiga |
| Jezik: | Undetermined |
| Izdano: |
London
Everyman's Library
1998
|
| Teme: | |
| Oznake: |
Označite
Brez oznak, prvi označite!
|
| Thư viện lưu trữ: | Trung tâm Học liệu Trường Đại học Cần Thơ |
|---|
| LEADER | 00516nam a2200181Ia 4500 | ||
|---|---|---|---|
| 001 | CTU_33919 | ||
| 008 | 210402s9999 xx 000 0 und d | ||
| 082 | |a 843.91 | ||
| 082 | |b C211 | ||
| 100 | |a Albert Camus | ||
| 245 | 4 | |a The outsider | |
| 245 | 0 | |c Albert Camus; Dịch giả: Joseph Laredo | |
| 260 | |a London | ||
| 260 | |b Everyman's Library | ||
| 260 | |c 1998 | ||
| 650 | |a french fiction - 20th century,french literature | ||
| 904 | |i Minh, 991117 | ||
| 980 | |a Trung tâm Học liệu Trường Đại học Cần Thơ | ||